Statistics for [路線図付き] 西武鉄道 池袋線 駅名穴埋めクイズ

Click here to take the quiz!

General Stats

  • This quiz has been taken 353 times
    (218 since last reset)
  • The average score is 23 of 31

Answers on the Map

Answers color-coded by a green-red scale on the quiz's map according to % correct below.
 

Answer Stats

Answer% Correct
池袋線SI01池袋
98%
池袋線SI06練馬
95%
池袋線SI17所沢
91%
池袋線SI10石神井公園
88%
池袋線SI26飯能
86%
池袋線SI11大泉学園
85%
池袋線SI13ひばりヶ丘
85%
池袋線SI12保谷
83%
池袋線SI16秋津
83%
池袋線SI02椎名町
80%
池袋線SI19小手指
80%
池袋線SI18西所沢
80%
池袋線SI03東長崎
78%
池袋線SI15清瀬
78%
池袋線SI09練馬高野台
78%
池袋線SI05桜台
77%
池袋線SI14東久留米
76%
池袋線SI04江古田
75%
池袋線SI23入間市
73%
池袋線SI27東飯能
71%
池袋線SI07中村橋
68%
池袋線SI24仏子
67%
池袋線SI08富士見台
65%
池袋線SI25元加治
64%
池袋線SI22稲荷山公園
63%
池袋線SI31吾野
63%
池袋線SI20狭山ヶ丘
62%
池袋線SI28高麗
61%
池袋線SI30東吾野
59%
池袋線SI21武蔵藤沢
57%
池袋線SI29武蔵横手
49%

Score Distribution

Percentile by Number Answered

Percent of People with Each Score

Your Score History

You have not taken this quiz since the last reset